00213nam a22000977a 4500082001700000100001700017245002100034260003400055300000800089650001800097 a954bELD V.1 aElliot, H.M. aHistory of India aLondonbTrubner and Co.c1867 a541 aHistory-India